Vocaloid Characters - Statistics

General Stats
  • This quiz has been taken 444 times
  • The average score is 7 of 10
Answer Stats
Answer % Correct
Miku
100%
Len
99%
Rin
99%
Kaito
93%
Gumi
85%
Meiko
85%
Gakupo
63%
Teto
46%
Haku
22%
Sweet Ann
10%
No matching quizzes found
Score Distribution
Percent of People with Each Score
Percentile by Number Answered
Your Score History
You have not taken this quiz